000 01450cam a2200397 a 4500
001 13847176
003 OSt
005 20140310182823.0
008 050121s2006 mau b 001 0 eng
010 _a 2005041520
020 _a0071250891
040 _aDLC
_cDLC
_dDLC
050 0 0 _aJZ 1242
_b.M851 2006
082 0 0 _aM 327
_bM82 2006
100 1 _aMorgenthau, Hans J.
_q(Hans Joachim),
_d1904-1980.
245 1 0 _aPolitics among nations
_bthe struggle for power and peace
_cMorgenthau, Hans J.
250 _a7th ed.
_brevised by Kenneth W. Thompson and W. David Clinton
260 _aBoston
_bMcGraw-Hill Higher Education
_cc2006
300 _axxxix, 703 p.
_c24 cm.
504 _aIncludes bibliographical references and index.
521 _aCollege student
526 _c1210L to 1700L
541 _j1
541 _j2
541 _j3
541 _j4
562 _e4
650 0 _aInternational relations
_vTextbooks.
700 1 _aThompson, Kenneth W.,
_d1921-
700 1 _aClinton, W. David.
856 4 2 _3Publisher description
_uhttp://www.loc.gov/catdir/enhancements/fy0623/2005041520-d.html
856 4 1 _3Table of contents only
_uhttp://www.loc.gov/catdir/enhancements/fy0623/2005041520-t.html
906 _a7
_bcbc
_corignew
_d1
_eocip
_f20
_gy-gencatlg
942 _2lcc
_cBK
_kM
999 _c16433
_d16433